Sitcom Jobs Quiz Stats

 Plays Quiz Updated Jan 2, 2019

Score 0/28 Timer 06:00
13 Plays Today
Question Answer Wrong Answers
Comedian
Seinfeld
Jerry Seinfeld
90.6%
George Costanza
1.3%
Elaine Benes
0.5%
Cosmo Kramer
1.8%
Radio Psychiatrist
Frasier
Frasier Crane
86.9%
Martin Crane
2%
Daphne Moon
1.5%
Niles Crane
3.3%
Paleontologist
Friends
Ross Geller
86.4%
Chandler Bing
3.4%
Joey Tribbiani
1.3%
Phoebe Buffay
3%
Owner & Bartender
Cheers
Sam Malone
83%
Carla Tortelli
1.9%
Norm Peterson
5.6%
Cliff Clavin
3.4%
Worker at Spacely's Sprockets
The Jetsons
George Jetson
82.4%
Jane Jetson
3.2%
Elroy Jetson
3.9%
Judy Jetson
4.1%
Regional Manager (originally)
The Office (U.S.)
Michael Scott
80.6%
Dwight Schrute
8.1%
Pam Beesly
1.7%
Andy Bernard
3.4%
Stay-at-Home Mother
The Brady Bunch
Carol Brady
80.3%
Cindy Brady
3.2%
Jan Brady
5.3%
Marcia Brady
5%
Butler
The Fresh Prince of Bel-Air
Geoffrey Butler
79.8%
Carlton Banks
8.2%
Will Smith
1.6%
Philip Banks
4.5%
Band Leader
I Love Lucy
Ricky Ricardo
79%
Lucy Ricardo
7.1%
Ethel Mertz
3.3%
Fred Mertz
4.1%
Chief Surgeon
M*A*S*H
Hawkeye Pierce
77.5%
Margaret Houlihan
3.3%
Father Mulcahy
2.8%
Max Klinger
9.9%
Assistant Manager of Strickland Propane
King of the Hill
Hank Hill
76.3%
Bobby Hill
7.7%
Peggy Hill
4.2%
Dale Gribble
4.9%
Head Writer
30 Rock
Liz Lemon
74.1%
Tracy Jordan
5.1%
Jack Donaghy
9.9%
Jenna Maroney
4.3%
Movie Star
Gilligan's Island
Ginger Grant
72.3%
Lovey Howell
4.1%
Mary Ann Summers
10.2%
Gilligan
6.9%
Nurse
Parks and Recreation
Ann Perkins
72.2%
Leslie Knope
14.2%
Ron Swanson
2.7%
Andy Dwyer
4.3%
Pizza Delivery Boy
Futurama
Philip J. Fry
70.8%
Bender Rodriguez
10.1%
Hermes Conrad
5.6%
John Zoidberg
6.8%
Chiropractor
Two and a Half Men
Alan Harper
69.9%
Charlie Harper
12.4%
Jake Harper
7%
Walden Schmidt
4.6%
Police Officer
Everybody Loves Raymond
Robert Barone
69.4%
Frank Barone
13.7%
Ray Barone
9.5%
Debra Barone
1.2%
CIA Agent
American Dad!
Stan Smith
67.8%
Francine Smith
2.6%
Steve Smith
20.1%
Hayley Smith
2.9%
Morning Talk Show Host
Full House
Danny Tanner
67.6%
Joey Gladstone
9.6%
Jesse Katsopolis
10.4%
Kimmy Gibler
6.1%
Architect
How I Met Your Mother
Ted Mosby
66.1%
Barney Stinson
17.2%
Marshall Eriksen
7.6%
Robin Scherbatsky
3%
Limestone Quarry Manager
The Middle
Mike Heck
64.4%
Frankie Heck
14.6%
Axl Heck
8.6%
Sue Heck
5.4%
Aerospace Engineer
The Big Bang Theory
Howard Wolowitz
58.3%
Leonard Hofstadter
9%
Sheldon Cooper
18.9%
Rajesh Koothrappali
7.8%
Lawyer
Modern Family
Mitchell Pritchett
56.3%
Phil Dunphy
16.9%
Cameron Tucker
10%
Jay Pritchett
10.3%
Fry Cook
SpongeBob SquarePants
SpongeBob Squarepants
56%
Eugene Krabs
18%
Squidward Tentacles
16.3%
Sandy Cheeks
3.9%
Illusionist
Arrested Development
Gob Bluth
54.7%
George Bluth
11.2%
Michael Bluth
13%
George Michael Bluth
14.6%
Substitute Teacher
The Golden Girls
Dorothy Zbornak
47.2%
Rose Nylund
18.7%
Blanche Devereaux
19.8%
Sophia Petrillo
7.6%
Contractor
Bob's Burgers
Teddy
31.3%
Mort
21.1%
Jimmy Pesto, Sr.
21.5%
Calvin Fischoeder
19%
Beautician
Hot in Cleveland
Joy Scroggs
18.7%
Melanie Moretti
30.7%
Victoria Chase
28.4%
Elka Ostrovksy
14.8%

You're not logged in!

Compare scores with friends on all Sporcle quizzes.
OR
Log In

Show Comments

Extras

Top Quizzes Today


Score Distribution

Your Account Isn't Verified!

In order to create a playlist on Sporcle, you need to verify the email address you used during registration. Go to your Sporcle Settings to finish the process.

Report this User

Report this user for behavior that violates our Community Guidelines.

Details: